000 00421nam a2200133Ia 4500
008 220204s9999 xx 000 0 und d
082 _aNR:633.912.11
_bTHO;1
100 _aThomas, Vinoth
245 0 _aRRII 400 parampara rubberinangal: Roopaparamaya saviseshathakalum verthirichariyalum
260 _aKottayam
_bRubber Research Institute of India
_c2007
650 _aRRII clones
650 _aRubber clones
942 _cBK
999 _c44277
_d44277